Statistics for Most Common Street Suffixes in the United Kingdom

Click here to take the quiz!

General Stats

  • This quiz has been taken 146 times
  • The average score is 10 of 20

Answer Stats

Suffix% Correct
Street
99%
Road
98%
Lane
88%
Avenue
86%
Way
83%
Park
62%
Drive
57%
Close
50%
Place
43%
Crescent
42%
Square
42%
Hill
40%
Court
37%
Gardens
36%
Walk
31%
Grove
30%
Green
23%
View
22%
Terrace
21%
Rise
20%

Score Distribution

Percentile by Number Answered

Percent of People with Each Score

Your Score History

You have not taken this quiz